000 00292nam a22001337a 4500
008 170206b xxu||||| |||| 00| 0 eng d
020 _a2900763741449
041 _aeng
080 _27ED
_a61
100 _a3
101 _a61
245 _aHUMAN DISEASE
_cLEONARD .V.CROWLEY
942 _2udc
_cBK
999 _c4737
_d4737